LEADER 01456nam a2200301 a 4500 001 000000120403 003 CaOOAMICUS 005 20100301123616.0 008 100301t2009 it c u000 u ita r 020 $a978-88-308-1020-4 040 $aPUL$bita$dReb 100 1 $aRaimondi, Enzo.$0(OLS)http://pul/name/75314 245 13$aLa chiesa nella storia :$bl'esercizio storico-teologico di Antonio Acerbi nel solco del Vaticano II /$cEnzo Raimondi. 260 $aAssisi :$bCittadella,$c©2009. 300 $a409 p. :$b1 ritr. ;$c21 cm. 490 1 $aStudi e ricerche. Sezione teologica 504 $aBibliografia : p. [393]-406. 600 14$aAcerbi, Antonio,$csac.,$d1935-2004.$0(OLS)http://pul/subject/36522 611 24$aConcilium Vaticanum$n(2 :$d1962-1965).$0(OLS)http://pul/subject/71 650 4$aEcclesiologia.$0(OLS)http://pul/subject/22628 830 0$aStudi e ricerche (Cittadella).$pSezione teologica.$0(OLS)http://pul/title/143126 850 $aPUL 852 $aPUL$W1$xSL Religione 3$y85$m270 RAIEN 1$j138036$qDDC 21$B137220$CPULBib$Z2$F137220 $H112922 $82 941 1 $a9 960 $aConcilio Vaticano II (1962-1965)$971 996 $6020$a978-88-308-1020-4$9(OLS)http://pul/number/143451 996 $6245$aLa chiesa nella storia :$bl'esercizio storico-teologico di Antonio Acerbi nel solco del Vaticano II$9(OLS)http://pul/title/151431 996 $6260$aAssisi :$bCittadella$9(OLS)http://pul/publisher/49668 LEADER 01488nam a2200325 a 4500 001 000000120838 003 CaOOAMICUS 005 20100319173018.0 008 100319t1995 it af u000 u ita r 040 $aPUL$bita$dReb 245 00$aAmicizia. 260 $aRoma :$bEldec,$c©1995. 300 $a301 p., 10 c. di tav. a col. :$bill. ;$c32 cm. 490 1 $aI grandi temi dell'umanità 500 $aCuratori: Vittorio Mathieu, Ferruccio Ulivi, Enzo Fabiani e Orfeo Tamburi ; [conversando con Tamburi a cura di Dante Fasciolo]. 504 $aInclude riferimenti bibliografici ed indice. 650 4$aAmicizia (Filosofia).$0(OLS)http://pul/subject/36630 650 4$aAmicizia (Arte).$0(OLS)http://pul/subject/36631 650 4$aAmicizia (Letteratura).$0(OLS)http://pul/subject/36632 700 1 $aFabiani, Enzo.$0(OLS)http://pul/name/75639 700 1 $aTamburi, Orfeo.$0(OLS)http://pul/name/75638 700 1 $aFasciolo, Dante.$0(OLS)http://pul/name/75611 700 1 $aMathieu, Vittorio,$d1923-2020.$0(OLS)http://pul/name/5896 700 1 $aUlivi, Ferruccio,$d1912-$0(OLS)http://pul/name/36013 830 2$aI grandi temi dell'umanità.$0(OLS)http://pul/title/151948 850 $aPUL 852 $aPUL$W1$xSL Cons. Gen., Altre Classi 3$y75$m035 ENC 3.1$j138538$qDDC 21$B137761$CPULBib$Z2$F137761 $H113101 $82 941 1 $a9 996 $6245$aAmicizia$9(OLS)http://pul/title/82066 996 $6260$aRoma :$bEldec$9(OLS)http://pul/publisher/81251